Catalog

Record Details

Catalog Search



On Becoming Baby Wise, Book One : How 100,000 new parents trained their babies to sleep through the night the natural way / Gary Ezzo, Robert Bucknam. Cover Image Book Book

On Becoming Baby Wise, Book One : How 100,000 new parents trained their babies to sleep through the night the natural way / Gary Ezzo, Robert Bucknam.

Ezzo, Gary (Author). Bucknam, Robert (Added Author).

Record details

  • ISBN: 0-88070-909-X
  • Physical Description: 198 s.
  • Publisher: Sisters, Oregon : Multnoman Books , 1995.

Available copies

  • 1 of 1 copy available at Common Catalog SPOK.

Holds

  • 0 current holds with 1 total copy.
Show Only Available Copies
Location Call Number / Copy Notes Barcode Shelving Location Status Due Date
ETS Library 649.1 424470017673 Volný výběr Available -

LDR nam a22 i 4500
00146410
003CZ-PrJAB
00520200417110327.0
007ta
008 s xr e 000 0 cze
020 . ‡a0-88070-909-X
040 . ‡aABG450 ‡bcze ‡erda
072 7. ‡2Konspekt
08214. ‡a649.1
1001 . ‡aEzzo, Gary
24510. ‡aOn Becoming Baby Wise, Book One : ‡bHow 100,000 new parents trained their babies to sleep through the night the natural way / ‡nGary Ezzo, Robert Bucknam.
264 1. ‡a Sisters, Oregon : ‡bMultnoman Books , ‡c1995.
300 . ‡a198 s.
336 . ‡atext ‡btxt ‡2rdacontent
338 . ‡asvazek ‡bnc ‡2rdacarrier
7001 . ‡aBucknam, Robert
910 . ‡aABG450
901 . ‡a46410 ‡b ‡c46410 ‡tbiblio

Additional Resources